Shapping Generative Future:/ (Record no. 87184)

MARC details
000 -LEADER
fixed length control field 00590nam a22001817a 4500
003 - CONTROL NUMBER IDENTIFIER
control field URS
005 - DATE AND TIME OF LATEST TRANSACTION
control field 20251014083545.0
008 - FIXED-LENGTH DATA ELEMENTS--GENERAL INFORMATION
fixed length control field 251008b |||||||| |||| 00| 0 eng d
040 ## - CATALOGING SOURCE
Transcribing agency URS
100 ## - MAIN ENTRY--PERSONAL NAME
Personal name De Leon, Elmer B.
Relator term Author
245 ## - TITLE STATEMENT
Title Shapping Generative Future:/
Remainder of title Global Excellence in the Age of Artificial Intelligence
Statement of responsibility, etc. Elmer B. De Leon
300 ## - PHYSICAL DESCRIPTION
Extent Pages 19-20
336 ## - CONTENT TYPE
Source rdacontent
Content type term text
Content type code txt
337 ## - MEDIA TYPE
Source rdamedia
Media type term unmediated
Media type code n
338 ## - CARRIER TYPE
Source rdacarrier
Carrier type term volume
Carrier type code nc
773 0# - HOST ITEM ENTRY
Host Biblionumber 86888
Host Itemnumber 91917
Other item identifier PIL-2243-920X-14-1
Title The Professional Teacher
International Standard Serial Number 2243-920X
942 ## - ADDED ENTRY ELEMENTS (KOHA)
Source of classification or shelving scheme Dewey Decimal Classification
Koha item type Continuing Resources
Holdings
Withdrawn status Source of classification or shelving scheme Damaged status Not for loan Home library Current library Date acquired Total Checkouts Date last seen Price effective from Koha item type
  Dewey Decimal Classification     Pililla College Library Pililla College Library 10/08/2025   10/08/2025 10/08/2025 Continuing Resources

University of Rizal System
Email us at univlibservices@urs.edu.ph

Visit our Website www.urs.edu.ph/library